书目信息 |
| 题名: |
秦陵
|
|
| 作者: | 段清波 著 | |
| 分册: | ||
| 出版信息: | 北京 中国民主法制出版社 2018 |
|
| 页数: | 243页 | |
| 开本: | 24cm | |
| 丛书名: | ||
| 单 册: | ||
| 中图分类: | K233.09 | |
| 科图分类: | ||
| 主题词: | 中国历史--zhong guo li shi--秦代--通俗读物 | |
| 电子资源: | ||
| ISBN: | 978-7-5162-1808-2 | |
| 000 | 00922nam0 2200253 450 | |
| 001 | 2156755212 | |
| 005 | 20211108094137.0 | |
| 010 | @a978-7-5162-1808-2@dCNY39.00 | |
| 100 | @a20181129d2018 em y0chiy50 ea | |
| 101 | 0 | @achi |
| 102 | @aCN@b110000 | |
| 105 | @aa z 000yy | |
| 106 | @ar | |
| 200 | 1 | @a秦陵@Aqin ling@e尘封的帝国@f段清波著 |
| 210 | @a北京@c中国民主法制出版社@d2018 | |
| 215 | @a243页@c图@d24cm | |
| 300 | @aCCTV 12 法律讲堂 | |
| 330 | @a本书通过近年来秦始皇陵考古发现与研究,将一个与大众认知有所不同的秦始皇向你娓娓道来。内容包括:九层之台:封土里的建筑;帝王威仪:封土高度之谜;水银江河:帝国的版图;雄伟瑰丽:地宫的结构;奇器珍怪:地宫珍宝知多少等。 | |
| 517 | 1 | @a尘封的帝国@Achen feng de di guo |
| 606 | 0 | @a中国历史@Azhong guo li shi@z秦代@j通俗读物 |
| 690 | @aK233.09@v5 | |
| 701 | 0 | @a段清波@Aduan qing bo@4著 |
| 801 | 0 | @aCN@b百万庄@c20211108 |
| 905 | @b1313976-79@dK233.09@e122@f4 | |
| 秦陵:尘封的帝国/段清波著.-北京:中国民主法制出版社,2018 |
| 243页:图;24cm |
| CCTV 12 法律讲堂 |
| ISBN 978-7-5162-1808-2:CNY39.00 |
| 本书通过近年来秦始皇陵考古发现与研究,将一个与大众认知有所不同的秦始皇向你娓娓道来。内容包括:九层之台:封土里的建筑;帝王威仪:封土高度之谜;水银江河:帝国的版图;雄伟瑰丽:地宫的结构;奇器珍怪:地宫珍宝知多少等。 |
| ● |
| 相关链接 |
|
|
|
|
正题名:秦陵
索取号:K233.09/122
 
预约/预借
| 序号 | 登录号 | 条形码 | 馆藏地/架位号 | 状态 | 备注 |
| 1 | 1313976 | 213139762 | 第二样本阅览室/ [索取号:K233.09/122] | 在馆 | |
| 2 | 1313977 | 213139771 | 第二借阅区/ [索取号:K233.09/122] | 在馆 | |
| 3 | 1313978 | 213139780 | 第二借阅区/ [索取号:K233.09/122] | 在馆 | |
| 4 | 1313979 | 213139799 | 第二借阅区/ [索取号:K233.09/122] | 在馆 |